Distributed operating systems : concepts and design (Record no. 170605)
[ view plain ]
| 000 -LEADER | |
|---|---|
| fixed length control field | 00413nam a2200145Ia 4500 |
| 008 - FIXED-LENGTH DATA ELEMENTS--GENERAL INFORMATION | |
| fixed length control field | 231217s9999 xx 000 0 und d |
| 041 ## - LANGUAGE CODE | |
| Language code of text/sound track or separate title | English |
| 082 ## - DEWEY DECIMAL CLASSIFICATION NUMBER | |
| Classification number | 001.642 SIN;1 |
| 100 ## - MAIN ENTRY--PERSONAL NAME | |
| Personal name | Sinha, Pradeep K |
| 245 #0 - TITLE STATEMENT | |
| Title | Distributed operating systems : concepts and design |
| 260 ## - PUBLICATION, DISTRIBUTION, ETC. | |
| Date of publication, distribution, etc. | 1997 |
| Name of publisher, distributor, etc. | Prentice-Hall |
| Place of publication, distribution, etc. | New Delhi |
| 300 ## - PHYSICAL DESCRIPTION | |
| Extent | xix+743 |
| 650 ## - SUBJECT ADDED ENTRY--TOPICAL TERM | |
| Topical term or geographic name entry element | Distributed,operating,systems,:,concepts |
| 942 ## - ADDED ENTRY ELEMENTS (KOHA) | |
| Koha item type | Books |
| Date last seen | Total checkouts | Full call number | Accession number | Cost, total (INR) price | Price effective from | Category | Lost status | Damaged status | Department | Withdrawn status | Home library | Current library | Shelving location | Entry date | Vendor | Cost, normal purchase price | Grants | Billnumber | Billdate | Currency symbol | Conversion rate | Discount | Old discount |
|---|---|---|---|---|---|---|---|---|---|---|---|---|---|---|---|---|---|---|---|---|---|---|---|
| 26/01/2024 | 001.642 SIN;1 | 25072 | 236.00 | 26/01/2024 | Books | Central Library | Central Library | Central Library | Central Library | 20/01/2004 | LBPD- L.B. Publishers & Distributors Pvt. Ltd. | 295.00 | MCA | 4/36559 | 11/04/2005 | RS | 1 | 59 | 20 | ||||
| 26/01/2024 | 001.642 SIN;2 | 25073 | 236.00 | 26/01/2024 | Books | Central Library | Central Library | Central Library | Central Library | 20/01/2004 | LBPD- L.B. Publishers & Distributors Pvt. Ltd. | 295.00 | MCA | 4/36559 | 11/04/2005 | RS | 1 | 59 | 20 | ||||
| 26/01/2024 | 001.642 SIN;3 | 25074 | 236.00 | 26/01/2024 | Books | Central Library | Central Library | Central Library | Central Library | 20/01/2004 | LBPD- L.B. Publishers & Distributors Pvt. Ltd. | 295.00 | MCA | 4/36559 | 11/04/2005 | RS | 1 | 59 | 20 | ||||
| 26/01/2024 | 001.642 SIN;4 | 25143 | 236.00 | 26/01/2024 | Books | Central Library | Central Library | Central Library | Central Library | 21/01/2004 | I K International | 295.00 | CS | 1955 | 11/04/2005 | RS | 1 | 59 | 20 | ||||
| 26/01/2024 | 001.642 SIN | 27619 | 26/01/2024 | Books | MCA | Central Library | Central Library | MCA | 27/04/2004 | Publisher | MCA | 30/08/2005 | RS | 1 |
